000 00572nam a2200205Ia 4500
003 GCL
008 140319s9999 xx 000 0 eng d
040 _aGCL /
_cGCL
082 0 4 _a621.382.24
_bF E
100 1 _aFISH, PETER J.
245 1 0 _aELECTRONIC NOISE AND LOW NOISE DESIGN /
_cFISH, PETER J.
260 _a[S.N] :
_bTHE MACMILLAN PRESS LTD. ،
_c1993
300 _a278 P
650 0 4 _aالتحليل الرياضى
650 0 4 _aELECTRONICS
650 0 4 _aELECTRIC CIRCUIT
650 0 4 _aELECTRIC ENGINEERING
650 0 4 _aELECTRONIC NOISE
942 _2ddc
_cBK
999 _c20042
_d20042